=LDR 00000nam 2200000 4500 =001 INLIS000000000045050 =005 20250320124452 =035 ##$$a 0010-121400000000200 =008 250320################d##########0#ind## =082 ##$$a 028.5 =090 ##$$a 028.5 $b tau b =100 ##$$a Taufik Remington =245 1#$$a berbagi dengan sesama /$c Taufik Remington =260 ##$$a Bandung :$b Puri pustaka,$c 2012 =300 ##$$a 70 hlm : $b ilus ; $c 21 x 15 cm =850 ##$$a NBPMAT =020 ##$$a 979-602-8712-77-4 =084 ##$$a 028.5 TAU b =990 ##$$a 21304911 =990 ##$$a 21601620/BPAP-NTB/2017 =990 ##$$a 21304909